Tous les départements ayant un Castelnau - Statistiques

Statistiques générales
  • Ce quiz a été pris 34 fois
    30 depuis la dernière actualisation
  • Le résultat moyen est 10 sur 13
Statistiques - réponses
Commune Département % Correct
Castelnau-d'Aude Aude
88%
Castelnau-de-Médoc Gironde
85%
Castelnau-Picampeau Haute-Garonne
85%
Castelnau-Barbarens Gers
81%
Castelnau-le-Lez Hérault
81%
Castelnau-de-Montmiral Tarn
81%
Castelnau-Durban Ariège
77%
Castelnau-Rivière-Basse Hautes-Pyrénées
77%
Castelnau-Montratier Lot
77%
Castelnau-sur-Gupie Lot-et-Garonne
77%
Castelnau-Valence Gard
69%
Castelnau-Tursan Landes
65%
Castelnau-Pégayrols Aveyron
58%
Aucun quiz correspondant
Distribution des résultats
% des personnes avec chaque résultat
Percentile par nombre de réponses
Votre historique - résultats
Vous n’avez pas pris ce quiz depuis la dernière actualisation